000 02767nam0a2200493 4500
001 RU\NLR\bibl\1766794
005 20260405232526.0
010 _a978-5-88086-930-5
_960
021 _aRU
_b2011-28312
_92012
035 _a(nilc)RSL-KNO-004931240
035 _aRU/Архангельская ОНБ/DOLIB/81.432.1-923.74:2/З-509-371648
035 _a(LIBNET)LIBNET\0000112554
035 _a(NLR Aleph) 001757589
090 _a1558040
_c1558040
100 _a20110318d2010 |||y0rusy50 ca
101 0 _arus
_aeng
102 _aRU
105 _aa |||||||||
200 1 _aАнглийский язык для изучающих информатику, математику, физику
_dEnglish for Computing, Mathematics, Physics
_eучебное пособие
_fС.Н. Зелянина, Л.М. Марчева
_gМ-во образования и науки Рос. Федерации, Гос. образоват. учреждение высш. проф. образования "Помор. гос. ун-т им. М.В. Ломоносова"
_zeng
210 _aАрхангельск
_cПоморский университет
_d2010
215 _a222, [1] с.
_cил., портр.
_d20
300 _aАвт. также на англ. яз.: S.N Zelyanina, L.M. Marcheva
320 _aБиблиогр.: с. 221 (11 назв.)
510 1 _6z48790
_aEnglish for Computing, Mathematics, Physics
_zeng
606 1 _aАнглийский язык
_xУчебные издания для информационно-технологической отрасли
_92408835
_3RU\NLR\AUTH\661435381
606 1 _aАнглийский язык
_xУчебные издания для математиков
_92400127
_3RU\NLR\AUTH\661430739
606 1 _aАнглийский язык
_xУчебные издания для физиков
_92455979
_3RU\NLR\AUTH\661459822
686 _aШ143.21-923.2
_2rubbk
686 1 _aШ143.21-93рус328.71
686 1 _aШ143.21-93рус328.2
700 1 _4070
_8rus
_7ca
_aЗелянина
_bС. Н.
_gСветлана Николаевна
_3RU\NLR\auth\77106334
_989259
701 1 _4070
_8rus
_7ca
_aМарчева
_bЛ. М.
_gЛюдмила Мариновна
_3RU\NLR\auth\77106336
_989261
790 1 _4070
_8rus
_7ba
_aZeljanina
_bS. N.
_gSvetlana Nikolaevna
_3RU\NLR\auth\77106338
_989263
790 1 _4070
_8rus
_7ba
_aMarčeva
_bL. M.
_gLjudmila Marinovna
_3RU\NLR\auth\77106340
_989265
801 0 _aRU
_bАрхангельская ОНБ
_c20110318
_gPSBO
801 1 _aRU
_bАрхангельская ОНБ
_c20110318
801 1 _aRU
_bРГБ
_c20110318
801 2 _aRU
_bNLR
_c20110506
_grcr
830 _aавт. раскрыты по кн.
942 _cBOOK
980 _aNB
980 _aNBR